[Event "Landesliga Sued 1516"]
[Site "Bayern"]
[Date "2016.04.10"]
[Round "9.5"]
[White "Kwan, Michael"]
[Black "Fuchs, Georg"]
[Result "1/2-1/2"]
[WhiteElo "2113"]
[BlackElo "2172"]
[PlyCount "71"]
[EventDate "2015.10.11"]
[EventType "team-tourn"]
[EventRounds "9"]
[EventCountry "GER"]
[SourceTitle "EXT 2018"]
[Source "ChessBase"]
[SourceDate "2017.10.13"]
[SourceVersion "1"]
[SourceVersionDate "2017.10.13"]
[SourceQuality "1"]
[WhiteTeam "Muenchen 36"]
[BlackTeam "Weilheim"]
[WhiteTeamCountry "GER"]
[BlackTeamCountry "GER"]

1. Nf3 d5 2. c4 c6 3. e3 g6 4. Nc3 Bg7 5. d4 e6 6. e4 dxe4 7. Nxe4 f5 8. Nc3 Ne7 9. Be3 0-0 10. Qd2 Nd7 11. Bh6 Bxh6 12. Qxh6 Nf6 13. 0-0-0 Qa5 14. Ng5 Bd7 15. Re1 f4 16. Nxe6 Bxe6 17. Rxe6 Nf5 18. Qg5 Qd8 19. Qxf4 Nh5 20. Qd2 Nxd4 21. Re4 c5 22. Nd5 Nf6 23. Nxf6+ Qxf6 24. f3 Rad8 25. Bd3 a6 26. Rd1 b5 27. Kb1 Kh8 28. Qc3 b4 29. Qe1 b3 30. a3 Rb8 31. Qc3 Kg8 32. Rde1 Rbd8 33. R4e3 Kf7 34. Re4 Kg8 35. R4e3 Kf7 36. Re4 1/2-1/2

[Event "Regionalliga SW 0001"]
[Site "Bayern"]
[Date "2000.10.15"]
[Round "1.7"]
[White "Begna, Bozidar"]
[Black "Kwan, Michael"]
[Result "0-1"]
[WhiteElo "2075"]
[BlackElo "2025"]
[PlyCount "140"]
[EventDate "2000.10.15"]
[EventType "team-tourn"]
[EventRounds "9"]
[EventCountry "GER"]
[SourceTitle "EXT 2020"]
[Source "ChessBase"]
[SourceDate "2019.10.17"]
[SourceVersion "1"]
[SourceVersionDate "2019.10.17"]
[SourceQuality "1"]
[WhiteTeam "Muenchen Tarrasch"]
[BlackTeam "Pasing II"]
[WhiteTeamCountry "GER"]
[BlackTeamCountry "GER"]

1. e4 c5 2. Nf3 Nc6 3. Bb5 e6 4. c3 Nf6 5. e5 Nd5 6. 0-0 Be7 7. Re1 a6 8. Bf1 d6 9. d4 cxd4 10. cxd4 dxe5 11. dxe5 0-0 12. Bd2 b5 13. Nc3 Nxc3 14. Bxc3 Qb6 15. Re4 Bb7 16. Bd3 Rfd8 17. Qe2 b4 18. Be1 a5 19. Rc1 Nd4 20. Rxd4 Rxd4 21. Nxd4 Qxd4 22. Rd1 Qc5 23. Bb1 g6 24. b3 Rd8 25. Rxd8+ Bxd8 26. Bd2 Qd5 27. f4 Bb6+ 28. Kh1 Qd4 29. Qe1 Qd5 30. Qe2 Qd4 31. Qe1 h5 32. h3 Qd5 33. Qe2 Qd4 34. Qe1 Qd5 35. Qe2 Bc6 36. Kh2 Qd4 37. Qe1 Qd5 38. Qe2 Qd4 39. Qe1 Kg7 40. h4 Qd5 41. Qe2 Bb5 42. Qe1 Bc6 43. Qe2 Bd4 44. Bd3 Bb6 45. Be1 Be3 46. Kg3 Qd4 47. Qf1 Bd5 48. Bc2 Qa1 49. Qe2 Qc1 50. Bd3 Bxf4+ 51. Kh3 Qa1 52. g4 hxg4+ 53. Kxg4 Qxe5 54. Qxe5+ Bxe5 55. Bf2 Bc7 56. Bc5 f5+ 57. Kh3 e5 58. Bb5 e4 59. Kg2 f4 60. Bd4+ Kf7 61. Kf1 Ke6 62. Be8 Kf5 63. Bd7+ Be6 64. Bc6 e3 65. Ke2 Kg4 66. Bf6 Kg3 67. Bg5 Bb6 68. Be4 Bg4+ 69. Ke1 e2 70. Bd8 Bf2+ 0-1